000 00304nam a22001217a 4500
040 _cSY
082 _a178
100 _aអ៊ឺម ឈួន
245 _aដើម្បីលើកតំលៃនៃការវិភាគដី
260 _aRUA
_bអ៊ឺម
_c1989
300 _a186p.
942 _cKB
999 _c9354
_d9354